LEADER 01102nam a2200265 i 4500 001 000000155164 003 CaOOAMICUS 005 20061103000000.0 008 061103s1995 it u000 u ita u 013 $a132513 040 $aSeMil$bita 100 1 $aFois, Mario,$c.$0(OLS)http://semarc/name/33651 245 10$aS. Ignazio e la chiesa gerarchica del suo tempo /$cMario Fois. 260 $aNapoli :$bCentro Ignaziano di Spiritualitą,$c1995. 300 $a59 p. ;$c21 cm. 490 0 $aAppunti di spiritualitą ;$v42 500 $aFondo Card. C.M. Martini. 600 04$aIgnazio : di Loyola .$0(OLS)http://semarc/subject/467 830 0$aAppunti di spiritualitą ;$v42.$0(OLS)http://semarc/title/12746 850 $aSeMil 852 $aSeMil$W1$xVenegono$y1$m2C IV 477$j107008$B107008$CSeMilBibl$Z2$F116319 $81 941 1 $a4 961 $aOmaggio: Martini Card. Carlo Maria 996 $6245$aS. Ignazio e la chiesa gerarchica del suo tempo$9(OLS)http://semarc/title/227205 996 $6260$aNapoli :$bCentro Ignaziano di Spiritualitą$9(OLS)http://semarc/publisher/32631 LEADER 01244nam a2200265 i 4500 001 000000159736 003 CaOOAMICUS 005 20070302000000.0 008 070302s1981 it u000 u ita u 013 $a137099 040 $aSeMil$bita 100 1 $aSemenzato, Camillo,$d<1922- >.$0(OLS)http://semarc/name/17217 245 10$aSant'Antonio :$bin settecentocinquant'anni di storia dell'arte /$ctesto di Camillo Semenzato. 246 04$iTitolo in copertina:$aSant'Antonio nell'arte 260 $aMilano :$bA. Martello,$ccopyr. 1981. 300 $a38 p., [114] p. di tav. :$briccamente ill. ;$c37 cm. 500 $aAi pie' del front : Banca Antoniana di Padova e Trieste. - Fondo Card. Carlo Maria Martini. 650 4$aAntonio : da Padova - Arte.$0(OLS)http://semarc/subject/17243 850 $aSeMil 852 $aSeMil$W1$xVenegono$y1$m5I VII 7$j111266$B111266$CSeMilBibl$Z2$F120989 $8I 941 1 $a4 961 $aOmaggio: Martini Card. Carlo Maria 996 $6245$aSant'Antonio :$bin settecentocinquant'anni di storia dell'arte$9(OLS)http://semarc/title/141926 996 $6246$aSant'Antonio nell'arte$9(OLS)http://semarc/title/141927 996 $6260$aMilano :$bA. Martello$9(OLS)http://semarc/publisher/32451 LEADER 00401nab a2200145 i 4500 001 000000273304 003 CaOOAMICUS 005 20190402153914.0 008 100628n xx uu u0 0und r 013 $a21513 040 $aSeMil$bita 245 10$a2010 : 2. 773 0 $t2010.$dBerlin ; New York : De Gruyter, copyr. 2010.$w()188107 996 $6245$a2010 : 2$9(OLS)http://semarc/title/283246